MARC

LEADER 00000nam0a2200000 4500
001 289880
005 20231102000229.0
020 |a RU  |b 83-71977 
035 |a (RuTPU)RU\TPU\book\314401 
090 |a 289880 
100 |a 20150403d1983 km y0rusy5003 ca 
101 0 |a rus 
102 |a RU 
105 |a a z 001zy 
200 1 |a Электронная коммутация информационных каналов (в однородных вычислительных структурах)  |f В. И. Кодачигов  |g Северо-Кавказский научный центр высшей школы (СКНЦ ВШ) ; под ред. А. В. Каляева 
210 |c Изд-во Ростовского ун-та  |a Ростов-на-Дону  |d 1983 
215 |a 207 с.  |c ил. 
320 |a Библиогр.: с. 204-207 
606 1 |a Вычислительные системы  |x Коммутация  |2 stltpush  |3 (RuTPU)RU\TPU\subj\4313  |9 32598 
610 1 |a информационные каналы 
610 1 |a электронная коммутация 
610 1 |a архитектура 
610 1 |a коммутационные структуры 
610 1 |a программирование 
610 1 |a настройка 
610 1 |a надежность 
610 1 |a управление 
675 |a 681.327.8  |z rus  |v 3 
700 1 |a Кодачигов  |b В. И.  |g Виктор Ильич  |4 070 
702 1 |a Каляев  |b А. В.  |4 340 
712 0 2 |a Северо-Кавказский научный центр высшей школы (СКНЦ ВШ)  |c (Ростов-на-Дону)  |2 stltpush  |3 (RuTPU)RU\TPU\col\4383 
801 0 |a RU  |b RuMRKP  |c 19950704  |g psbo 
801 1 |a RU  |b 63413507  |c 20150403 
801 2 |a RU  |b 63413507  |c 20181120  |g RCR 
942 |c BK